Регионална библиотека "Любен Каравелов" - Русе

Чистилище (Запис номер 387051)

MARC детайли
000 -Лидер
Контролно поле с фиксирана дължина 01063nam a2200289 a 4500
003 - Код на организацията, давaща контролен номер
Контролно поле BLK
005 - Дата и час на последна редакция
Контролно поле 20230801154200.0
008 - Елементи от данни с фиксирана дължина
fixed length control field 180412b bul|||||r ||||||| ||bul||
010 ## - Наследен системен номер
LC control number KNG00008599000
020 ## - Международен стандартен номер на книга ISBN
Международен стандартен номер на книга ISBN 954-8160-04-8
040 ## - Източник на каталожния запис
Идентификатор на билиотеката - собственик на записа BLK
041 ## - Код за език
Код за езика на текст/звукозапис или на отделно заглавие Български
Код за езика КДБФ Български
080 ## - УДК
Текстов определител УДК Българска литература
УДК код - определител по УДК 821.163.2
УДК определител -1
УДК - код + определител 821.163.2-1
100 ## - Редна дума - Автор
Автор Радинска, Валентина Димитрова
R(LIN) 252438
139 ## - Редно поле
Редна дума Радинска, Валентина Димитрова
Авторски знак Ради - Р 14
245 10 - Сведения за заглавието
Заглавие Чистилище
Подзаглавни данни Стихотворения
Редно поле (дума) Валентина Димитрова Радинска.
257 ## - Страна на издаване
Страна на създаване/издаване България
260 ## - Област на издателските данни
Име на издателя, разпространителя и проч. Елка Няголова
Година на издаване 1992
9 (RLIN) 218167
Място на издаване, разпространение и проч. [Добрич]
Печатница (Варна : Бряг принт)
Издателство - префикс ISBN 954-8160-
300 ## - Физическа характеристика
Страници 56 с.
Илюстрации и др. с ил.
Размери/Мащаб 16 см
380 ## - Жанр
Жанр Худож. лит.
490 ## - СЕРИИ (Колекции)
9 (RLIN) 208758
Име на серия Библиотека Ева ли?
852 ## - Местоположение
Форматна сигнатура Цб I 25948
Фондова буква Хранилище
856 4# - Електронен адрес и достъп
Електронен формат pdf - файл
Път до файла /url/
999 ## - СИСТЕМНИ КОНТРОЛНИ НОМЕРА
Koha biblionumber 387051
Koha biblioitemnumber 387051
942 ## - АРТИКУЛИ
Вид на библиотечния материал Книги
Скрит в OPAC Не
Периодичен библиозапис Да
944 ## - СЪЗДАВАНЕ И РЕДАКЦИЯ на ЗАПИСА
Създаване/Редакция Създаване
Дата на регистрацията/редакция 2020-09-02
Служител, извършил регистрацията/редакцията 30560
Статус, дата на статуса Геновева Генчева
999 ## - СИСТЕМНИ КОНТРОЛНИ НОМЕРА
Koha biblioitemnumber 7308
Наличности
Код за отписване Код за изгубен артикул Източник на класификационната схема Код за повреда Коз за рестрикции Код за отдаване Артикулен № Име на библиотеката - собственик Име на библиотеката, в която се намира в момента Статус (Текущо местоположение) Дата на вписване в системата Местоположение - отдел Цена в лева Инвентарен номер Систематично азбучна сигнатура Баркод Цена в евро Служебен тип на артикула
  Не е изгубен Universal Decimal Classification Не е повреден само за читалня ползва се в читалня 796624 Регионална библиотека "Любен Каравелов" Русе Регионална библиотека "Любен Каравелов" Русе Хранилище 2020-09-03 Хранилище 0.00 571153 Цб І 25948 120000571153 0.00 Книги
Vip Innovations Ltd, Rousse, Bulgaria 2025